000
00311nam a22001337a 4500
005
20240214145636.0
008
240214b ||||| |||| 00| 0 eng d
040
_c
AL
041
_a
English
082
_2
23
_a
651
_b
SINO
100
_a
Singh and others
_9
151259
245
_a
Office Management
942
_2
ddc
_c
BK
999
_c
229816
_d
229816